<?xml version="1.0" encoding="UTF-8"?>
<record
    xmlns:xsi="http://www.w3.org/2001/XMLSchema-instance"
    xsi:schemaLocation="http://www.loc.gov/MARC21/slim http://www.loc.gov/standards/marcxml/schema/MARC21slim.xsd"
    xmlns="http://www.loc.gov/MARC21/slim">

  <leader>01207nam a22002537a 4500</leader>
  <controlfield tag="005">20170124103150.0</controlfield>
  <datafield tag="010" ind1=" " ind2=" ">
    <subfield code="a">A-891123</subfield>
  </datafield>
  <datafield tag="020" ind1=" " ind2=" ">
    <subfield code="c">40.00</subfield>
    <subfield code="a">8120913558</subfield>
  </datafield>
  <datafield tag="035" ind1=" " ind2=" ">
    <subfield code="a">A-891123</subfield>
  </datafield>
  <datafield tag="037" ind1=" " ind2=" ">
    <subfield code="b">Cen Lib/Ret</subfield>
  </datafield>
  <datafield tag="040" ind1=" " ind2=" ">
    <subfield code="a">DPL</subfield>
    <subfield code="b">HN</subfield>
  </datafield>
  <datafield tag="082" ind1=" " ind2=" ">
    <subfield code="a">646.7</subfield>
    <subfield code="b">&#x935;&#x930;&#x94D;&#x92E;&#x93E;&#x909; </subfield>
  </datafield>
  <datafield tag="100" ind1=" " ind2=" ">
    <subfield code="a">&#x935;&#x930;&#x94D;&#x92E;&#x93E;, &#x90A;&#x937;&#x93E;&#x930;&#x93E;&#x92F; </subfield>
    <subfield code="9">87813</subfield>
  </datafield>
  <datafield tag="245" ind1=" " ind2=" ">
    <subfield code="a">&#x921;&#x93E;&#x92F;&#x92E;&#x902;&#x921; &#x932;&#x947;&#x921;&#x940;&#x91C; &#x939;&#x947;&#x932;&#x94D;&#x925; &#x917;&#x93E;&#x907;&#x921; :</subfield>
    <subfield code="c">&#x90A;&#x937;&#x93E;&#x930;&#x93E;&#x92F; &#x935;&#x930;&#x94D;&#x92E;&#x93E;</subfield>
    <subfield code="b">&#x92E;&#x947;&#x915;&#x905;&#x92A; &#x917;&#x93E;&#x907;&#x921; &#x938;&#x939;&#x93F;&#x924; /</subfield>
  </datafield>
  <datafield tag="246" ind1=" " ind2=" ">
    <subfield code="a">Diamond ladies health guide : makeup guide sahit /</subfield>
    <subfield code="b">by Usah Ray Verma </subfield>
  </datafield>
  <datafield tag="260" ind1=" " ind2=" ">
    <subfield code="a">&#x928;&#x908; &#x926;&#x93F;&#x932;&#x94D;&#x932;&#x940; </subfield>
    <subfield code="b">&#x921;&#x93E;&#x92F;&#x92E;&#x902;&#x921; &#x92A;&#x949;&#x915;&#x947;&#x91F; &#x92C;&#x941;&#x915;&#x94D;&#x938; </subfield>
  </datafield>
  <datafield tag="270" ind1=" " ind2=" ">
    <subfield code="a">X-30, &#x913;&#x916;&#x932;&#x93E; &#x907;&#x902;&#x921;&#x938;&#x94D;&#x91F;&#x94D;&#x930;&#x93F;&#x92F;&#x932; &#x90F;&#x930;&#x93F;&#x92F;&#x93E; -2</subfield>
    <subfield code="b">&#x928;&#x908; &#x926;&#x93F;&#x932;&#x94D;&#x932;&#x940; </subfield>
    <subfield code="e">110020</subfield>
  </datafield>
  <datafield tag="300" ind1=" " ind2=" ">
    <subfield code="a">208 &#x92A;&#x943;. :</subfield>
    <subfield code="c">21&#x938;&#x947;&#x92E;&#x940; (&#x938;&#x91C;&#x93F;&#x932;&#x94D;&#x926;)</subfield>
    <subfield code="b">&#x938;&#x91A;&#x93F;&#x924;&#x94D;&#x930; </subfield>
  </datafield>
  <datafield tag="650" ind1=" " ind2=" ">
    <subfield code="a">&#x939;&#x947;&#x932;&#x94D;&#x925; &#x917;&#x93E;&#x907;&#x921;--&#x938;&#x94D;&#x924;&#x94D;&#x930;&#x940; &#x938;&#x94C;&#x928;&#x94D;&#x926;&#x930;&#x94D;&#x92F; </subfield>
    <subfield code="9">87814</subfield>
  </datafield>
  <datafield tag="650" ind1=" " ind2=" ">
    <subfield code="a">&#x938;&#x94D;&#x935;&#x93E;&#x938;&#x94D;&#x925;&#x94D;&#x92F; &#x936;&#x930;&#x940;&#x930; </subfield>
    <subfield code="9">87815</subfield>
  </datafield>
  <datafield tag="650" ind1=" " ind2=" ">
    <subfield code="a">Health Guide -- Woman Beauty</subfield>
    <subfield code="9">87816</subfield>
  </datafield>
  <datafield tag="650" ind1=" " ind2=" ">
    <subfield code="a">Healthy Body</subfield>
    <subfield code="9">87817</subfield>
  </datafield>
  <datafield tag="942" ind1=" " ind2=" ">
    <subfield code="2">ddc</subfield>
    <subfield code="c">HN</subfield>
    <subfield code="h">646.7</subfield>
    <subfield code="m">&#x935;&#x930;&#x94D;&#x92E;&#x93E;&#x909; </subfield>
  </datafield>
  <datafield tag="999" ind1=" " ind2=" ">
    <subfield code="c">119948</subfield>
    <subfield code="d">119948</subfield>
  </datafield>
  <datafield tag="952" ind1=" " ind2=" ">
    <subfield code="0">0</subfield>
    <subfield code="1">0</subfield>
    <subfield code="4">0</subfield>
    <subfield code="7">0</subfield>
    <subfield code="a">L</subfield>
    <subfield code="b">L</subfield>
    <subfield code="d">2015-09-19</subfield>
    <subfield code="e">Cen Lib/Ret</subfield>
    <subfield code="g">40.00</subfield>
    <subfield code="l">1</subfield>
    <subfield code="o">646.7 &#x935;&#x930;&#x94D;&#x92E;&#x93E;&#x909;</subfield>
    <subfield code="p">A-891123</subfield>
    <subfield code="r">2019-04-11 00:00:00</subfield>
    <subfield code="s">2019-03-28</subfield>
    <subfield code="t">1</subfield>
    <subfield code="v">40.00</subfield>
    <subfield code="w">2015-09-19</subfield>
    <subfield code="y">HN</subfield>
  </datafield>
  <datafield tag="952" ind1=" " ind2=" ">
    <subfield code="0">0</subfield>
    <subfield code="1">0</subfield>
    <subfield code="2">ddc</subfield>
    <subfield code="4">0</subfield>
    <subfield code="7">0</subfield>
    <subfield code="a">L</subfield>
    <subfield code="b">L</subfield>
    <subfield code="d">2016-10-10</subfield>
    <subfield code="g">40.00</subfield>
    <subfield code="l">0</subfield>
    <subfield code="o">646.7 &#x935;&#x930;&#x94D;&#x92E;&#x93E;&#x909;</subfield>
    <subfield code="p">A-891130</subfield>
    <subfield code="r">2016-10-10 00:00:00</subfield>
    <subfield code="t">2</subfield>
    <subfield code="v">40.00</subfield>
    <subfield code="w">2016-10-10</subfield>
    <subfield code="y">HN</subfield>
  </datafield>
</record>
